El garantismo abolicionista: estudio sobre la Criminología crítica

Shranjeno v:
Bibliografske podrobnosti
Glavni avtor: Hernández, Héctor H (Author)
Format: Knjiga
Jezik:španščina
Izdano: Buenos Aires Marcial Pons Argentina S. A 2013
Izdaja:1a. ed
Serija:Derecho Penal
Teme:
Oznake: Označite
Brez oznak, prvi označite!

MARC

LEADER 00000cam a2200000 a 4500
001 UCF9151
003 CL-VaPUC
008 131025e20130000ag |||||||||||||||||spa|d
020 |a 9789871775149 
082 0 4 |a 345.01  |b HER  |2 21 
100 |a Hernández, Héctor H  |e author  |9 571382 
245 1 3 |a El garantismo abolicionista: estudio sobre la Criminología crítica 
250 |a 1a. ed 
300 |a 668 p 
942 |c BK 
945 |d 20131025 12:28:00  |a dcastane 
260 |a Buenos Aires  |b Marcial Pons Argentina S. A  |c 2013 
650 7 |a DERECHO PENAL  |2 CL-VaPUC  |9 11 
650 0 |a Filosofía del derecho   |9 255050 
650 7 |a GARANTISMO  |2 CL-VaPUC  |9 439479 
650 0 |a Delitos  |9 224143 
650 0 |a Penas   |9 255927 
583 |a last modification  |c 20131025 12:28:00  |k Rodrigo Vera 
490 0 |a Derecho Penal 
999 |c 353635  |d 353633 
952 |0 0  |1 0  |3 erb  |4 0  |6 345_010000000000000_HER_2013  |7 0  |8 A  |9 458977  |a BIBDER  |b BIBDER  |d 2019-11-23  |i 502241K  |l 1  |o 345.01 HER 2013  |p 502241K  |r 2024-09-02  |s 2024-09-02  |w 2019-11-23  |y BK  |z Catalogado en:20131025  |k DER